000
00294nam a2200121Ia 4500
008
150201s2008 xx 000 0 und d
082
_a
617
_b
S08E
100
_a
ELLIS,HAROLD
245
_a
CLINICAL CASES UNCOVERD SURGERY
260
_b
WILEY
_a
BLACKWELL
_c
2008
650
_a
SURGERY
942
_2
ddc
_c
BK
999
_c
853
_d
853